Southville International School and Colleges
Your cart is empty.
  • Cart
  • Lists
    Public lists Eva Luna New books Lux_list list_1
    Your lists Log in to create your own lists
  • Log in to your account
  • Your cookies
  • Search history
Southville International School and Colleges
  • Advanced search
  • Recent comments
  • Most popular
  • Libraries

Log in to your account

Log in with GOOGLE


If you do not have an external account, but do have a local account, you can still log in:

  1. Home
  2. MARC view: Phantoms don't drive sport cars /
Normal view MARC view ISBD view

Phantoms don't drive sport cars / (Record no. 34529)

[ view plain ]
MARC details
000 -LEADER
fixed length control field 01080cam a22003253a 4500
003 - CONTROL NUMBER IDENTIFIER
control field OSt
005 - DATE AND TIME OF LATEST TRANSACTION
control field 20140310184447.0
008 - FIXED-LENGTH DATA ELEMENTS--GENERAL INFORMATION
fixed length control field 971210s1997 xxu 000 1 eng
010 ## - LIBRARY OF CONGRESS CONTROL NUMBER
LC control number 97811463
020 ## - INTERNATIONAL STANDARD BOOK NUMBER
International Standard Book Number 0590212443
035 ## - SYSTEM CONTROL NUMBER
System control number (DLC) 97811463
040 ## - CATALOGING SOURCE
Original cataloging agency DLC
Transcribing agency DLC
Modifying agency DLC
050 00 - LIBRARY OF CONGRESS CALL NUMBER
Classification number PZ 7
Item number .D121p32 1998
100 1# - MAIN ENTRY--PERSONAL NAME
Personal name Dadey, Debbie.
9 (RLIN) 4137
245 14 - TITLE STATEMENT
Title Phantoms don't drive sport cars /
Statement of responsibility, etc Debbie Dadey and Marcia Thornton Jones.
260 ## - PUBLICATION, DISTRIBUTION, ETC. (IMPRINT)
Place of publication, distribution, etc New York :
Name of publisher, distributor, etc Scholastic Inc.,
Date of publication, distribution, etc 1998.
300 ## - PHYSICAL DESCRIPTION
Extent 75 p. :
Other physical details ill. ;
Dimensions 20 cm.
490 0# - SERIES STATEMENT
Series statement The adventures of the bailey school kids
Volume number/sequential designation 32
521 ## - TARGET AUDIENCE NOTE
Target audience note
526 ## - STUDY PROGRAM INFORMATION NOTE
Reading level 620
600 ## - SUBJECT ADDED ENTRY--PERSONAL NAME
Personal name Jones, Marcia Thornton.
9 (RLIN) 4140
650 ## - SUBJECT ADDED ENTRY--TOPICAL TERM
Topical term or geographic name as entry element Fiction
General subdivision Juvenile literature
-- Cars.
9 (RLIN) 30100
655 #7 - INDEX TERM--GENRE/FORM
Genre/form data or focus term Young adult fiction.
Source of term lcsh
9 (RLIN) 3735
655 #7 - INDEX TERM--GENRE/FORM
Genre/form data or focus term Adventure fiction.
Source of term gsafd
9 (RLIN) 3061
700 1# - ADDED ENTRY--PERSONAL NAME
Personal name Jones, Marcia
Fuller form of name (Marcia Thornton)
9 (RLIN) 26486
710 2# - ADDED ENTRY--CORPORATE NAME
Corporate name or jurisdiction name as entry element Copyright Paperback Collection (Library of Congress)
Institution to which field applies DLC
9 (RLIN) 705
906 ## - LOCAL DATA ELEMENT F, LDF (RLIN)
a 7
b cbc
c orignew
d 2
e ncip
f 19
g y-genrareb
942 ## - ADDED ENTRY ELEMENTS (KOHA)
Source of classification or shelving scheme Library of Congress Classification
Koha item type
Holdings
Withdrawn status Lost status Source of classification or shelving scheme Damaged status Home library Current library Shelving location Date acquired Total Checkouts Full call number Barcode Date last seen Copy number Price effective from Koha item type
    Library of Congress Classification   Luxembourg Library Luxembourg Library Scholastic Reading Center Section 10/10/2013   PZ 7 .D121p32 1998 LEX1927 04/18/2017 1 10/10/2013 Books

Phantoms don't drive sport cars /

APA

Dadey D., Jones M. & Copyright Paperback Collection (Library of Congress). (1998). Phantoms don't drive sport cars. New York: Scholastic Inc.

Chicago

Dadey Debbie, Jones Marcia and Copyright Paperback Collection (Library of Congress). 1998. Phantoms don't drive sport cars. New York: Scholastic Inc.

Harvard

Dadey D., Jones M. and Copyright Paperback Collection (Library of Congress). (1998). Phantoms don't drive sport cars. New York: Scholastic Inc.

MLA

Dadey Debbie, Jones Marcia and Copyright Paperback Collection (Library of Congress). Phantoms don't drive sport cars. New York: Scholastic Inc. 1998.

  • Place hold
  • Print
  • Cite
  • Add to your cart (remove)
  • Save record
    BIBTEX Dublin Core MARCXML MARC (non-Unicode/MARC-8) MARC (Unicode/UTF-8) MARC (Unicode/UTF-8, Standard) MODS (XML) RIS
  • More searches
    Search for this title in:
    Other Libraries (WorldCat) Other Databases (Google Scholar) Online Stores (Bookfinder.com) Open Library (openlibrary.org)

Exporting to Dublin Core...

SOUTHVILLE LIBRARY

Southville International School and Colleges Library

1281 Tropical Ave. Cor. Luxembourg St., BF Homes International, Las Pinas City

Tel. No. 8256374 / 252358 Loc. 117/146

Powered by Koha